=LDR 00000nam 2200000 4500 =001 INLIS000000000037254 =005 20140506121856.0 =006 =007 =008 Ind =035 ##$$a 0010-061300000037254 =041 ##$$a Ind =082 ##$$a 813 =090 ##$$a 813, Ani s =100 ##$$a Anindito, brahmanto =245 ##$$a Satin merah/aku cuman ingin jadi signifikan =260 ##$$a 2010 $b Jakarta =650 ##$$a fiksi indonesia =700 ##$$a Yanti, rie =850 ##$$a NBPNMAT